000 01110nam a2200301Ia 4500
001 4804
003 IT-RoPAU
008 130308s9999 xx 000 0 und d
040 _aIT-RoPAU
040 _cIT-RoPAU
041 _aITALIANO
100 _aRolfo Luigi
100 _gCodice Aut. SPICS: 1943
245 _aDon Alberione-Appunti per una biografia
245 _bDon Alberione-Appunti per una Biografia
250 _a1a ed.
260 _aALBA
260 _bEdizioni Paoline
260 _c1974 [1° Ed.:1974 - Ed.Ling.Originale:1974]
300 _a"402 p. (prefazione: no ; testo: 402)"
500 _aBiografia di Don Giacomo Alberione incontro con I libri nel Seminario di Bra tra Il clero Albese al Servizio della Diocesi Il patto Il Granello di Senape Verso Il Largo forza nella Debolezza inizi della Casa di Roma Apostolato della Stampa Chiesa di San Paolo Evoluzione e Maturazione Nuovi Presepi Capitolo Generale nella Casa del Padre
650 _aSTUDI SU GIACOMO ALBERIONE
650 _eCodice materia Spics: 9902
942 _cBK
957 _71
999 _c76247
_d76247
999 _bSI
999 _g1